LEADER 01506nam 2200361 450 001 9910131181203321 005 20240207143724.0 010 $a1-55442-495-X 035 $a(CKB)3680000000167470 035 $a(NjHacI)993680000000167470 035 $a(EXLCZ)993680000000167470 100 $a20240207d2004 uy 0 101 0 $afre 135 $aur||||||||||| 181 $ctxt$2rdacontent 182 $cc$2rdamedia 183 $acr$2rdacarrier 200 14$aUne politique familiale $eenjeux et de?bats /$fRene?e B. Dandurand 210 1$aChicoutimi :$cJ.-M. Tremblay,$d2004. 215 $a1 online resource 225 1 $aClassiques des sciences sociales 327 $aIntroduction -- -- I. Autour du livre vert sur la politique familiale -- -- a. La crise de 1982 -- b. Deux « pre?cautions » de l'E?tat -- c. Des inte?re?ts multiples et souvent divergents -- d. Quelques re?actions au Livre vert -- -- II. Le rapport du comite? de consultation -- -- a. Le soutien collectif -- b. De la famille aux parents -- c. Le pari de la solidarite? des sexes -- d. Les recommandations -- e. Les options majeures. 410 0$aClassiques des sciences sociales. 517 $aUne politique familiale 607 $aQue?bec (Province)$xSocial conditions 676 $a306.09714 700 $aDandurand$b Rene?e B.$01591942 801 0$bNjHacI 801 1$bNjHacl 906 $aBOOK 912 $a9910131181203321 996 $aUne politique familiale$93907817 997 $aUNINA LEADER 01664nam0 22003371i 450 001 UON00180226 005 20240520085922.262 100 $a20030730d1972 |0itac50 ba 101 $aita 102 $aIT 105 $a|||| 1|||| 200 1 $aˆLe ‰radici storiche dei racconti di fate$fVladimir Jakovlevic Propp 210 $aTorino$cBoringhieri$d1972 215 $a578 p.$d19 cm. 316 $aDonazione prof.ssa Amalia Signorelli$5IT-UONSI F. Signorelli1 Q2115 410 1$1001UON00088301$12001 $aUniversale Scientifica Boringhieri$v75/76 500 1$3UON00370665$aIstori?eskie korni vol?ebnoj skazki$929631 606 $aFATE$xNOVELLE E RACCONTI$xSTORIA$3UONC036851$2FI 606 $aFAVOLE$3UONC036853$2FI 606 $aLEGGENDE$3UONC036852$2FI 620 $aIT$dTorino$3UONL000014 676 $a808.80375$cRaccolte di testi con specifiche caratteristiche. Fate$v20 700 1$aPropp$bVladimir Jakovlevi?$3UONV044180 712 $aBoringhieri$3UONV247777$4650 801 $aIT$bSOL$c20250307$gRICA 912 $aUON00180226 950 $aSIBA - SISTEMA BIBLIOTECARIO DI ATENEO$dSI F. Signore1 Q 2115 $eSI 46922 5 Donazione prof.ssa Amalia Signorelli 950 $aSIBA - SISTEMA BIBLIOTECARIO DI ATENEO$dSI FS 00090 $eSI SF 200 5 950 $aSIBA - SISTEMA BIBLIOTECARIO DI ATENEO$dSI B J 0028 $eSI SC 13883 5 0028 996 $aIstoriceskie korni volsebnoj skazki$929631 997 $aUNIOR